[Event "WchT Seniors 65"]
[Site "Struga"]
[Date "2023.09.22"]
[Round "4.4"]
[White "Trajkovski, Mile"]
[Black "Bujupi, Fatmir"]
[Result "0-1"]
[WhiteElo "1947"]
[BlackElo "2112"]
[PlyCount "80"]
[EventDate "2023.09.19"]
[EventType "team-swiss"]
[EventRounds "9"]
[EventCountry "MKD"]
[SourceTitle "EXT 2024"]
[Source "ChessBase"]
[SourceDate "2023.10.10"]
[SourceVersion "1"]
[SourceVersionDate "2023.10.10"]
[SourceQuality "1"]
[WhiteTeam "Macedonia 65"]
[BlackTeam "Kosovo 65"]
[WhiteTeamCountry "MKD"]
[BlackTeamCountry "KOS"]

1. e4 g6 2. h4 h5 3. d4 Bg7 4. Bc4 e6 5. Nc3 d6 6. Bg5 Qd7 7. Qd2 a6 8. a4 b6 9. Nge2 Bb7 10. Rh3 Nf6 11. Qf4 Ng4 12. f3 e5 13. Qd2 exd4 14. Nxd4 Ne5 15. Bb3 c5 16. Nde2 c4 17. Ba2 b5 18. Rd1 f6 19. Bf4 Bf8 20. Nd5 Qd8 21. Nd4 Kf7 22. a5 Nbd7 23. b4 Rc8 24. Nc3 Qe8 25. Kf1 Be7 26. Rg3 Nf8 27. Nce2 Rd8 28. c3 Rd7 29. Qe3 Bd8 30. Re1 Bc7 31. Qd2 Ke7 32. Bb1 Kd8 33. Rh3 Kc8 34. Bh2 Kb8 35. Nf4 Qf7 36. Nd5 Bd8 37. Ne2 Rg8 38. Bg1 g5 39. Qd4 Nc6 40. Qxf6 Bxf6 0-1

[Event "CZE-chT2A 1718"]
[Site "Czech Republic"]
[Date "2018.04.08"]
[Round "11.1"]
[White "Neuman, Petr"]
[Black "Bujupi, Fatmir"]
[Result "1-0"]
[WhiteElo "2440"]
[BlackElo "2115"]
[PlyCount "60"]
[EventDate "2017.10.15"]
[EventType "team-tourn"]
[EventRounds "11"]
[EventCountry "CZE"]
[SourceTitle "EXT 2022"]
[Source "ChessBase"]
[SourceDate "2021.10.06"]
[SourceVersion "1"]
[SourceVersionDate "2021.10.06"]
[SourceQuality "1"]
[WhiteTeam "Kozolupy"]
[BlackTeam "Praha Smichov"]
[WhiteTeamCountry "CZE"]
[BlackTeamCountry "CZE"]

1. d4 Nf6 2. c4 g6 3. Nc3 Bg7 4. e4 d6 5. Nf3 0-0 6. Be2 Nc6 7. Be3 Ng4 8. Bg5 h6 9. Bh4 g5 10. Bg3 Nf6 11. d5 Nb8 12. Nd4 Nbd7 13. Nf5 Ne5 14. Nxg7 Kxg7 15. h4 g4 16. h5 c6 17. f4 gxf3 18. gxf3 Qb6 19. Qd2 Kh7 20. 0-0-0 Rg8 21. Qf4 Bd7 22. Be1 Rg5 23. Bd2 Qf2 24. Kb1 cxd5 25. cxd5 Rc8 26. Be1 Qg2 27. Rh2 Nxh5 28. Qh4 Qg1 29. Bf2 Qxd1+ 30. Bxd1 Ng6 1-0

[Event "CZE-chT2A 1718"]
[Site "Czech Republic"]
[Date "2017.11.19"]
[Round "3.4"]
[White "Prochazka, Dalibor"]
[Black "Bujupi, Fatmir"]
[Result "1-0"]
[WhiteElo "2153"]
[BlackElo "2115"]
[PlyCount "49"]
[EventDate "2017.10.15"]
[EventType "team-tourn"]
[EventRounds "11"]
[EventCountry "CZE"]
[SourceTitle "EXT 2022"]
[Source "ChessBase"]
[SourceDate "2021.10.06"]
[SourceVersion "1"]
[SourceVersionDate "2021.10.06"]
[SourceQuality "1"]
[WhiteTeam "Karlovy Vary Tietz"]
[BlackTeam "Praha Smichov"]
[WhiteTeamCountry "CZE"]
[BlackTeamCountry "CZE"]

1. e4 g6 2. d4 Bg7 3. Nc3 d6 4. Be3 Nc6 5. Qd2 Nf6 6. f3 0-0 7. Bh6 Bxh6 8. Qxh6 Nxd4 9. 0-0-0 c5 10. h4 Nh5 11. Nge2 Nxe2+ 12. Nxe2 e6 13. g4 Ng7 14. Ng3 f6 15. f4 Qe7 16. f5 gxf5 17. gxf5 exf5 18. Rg1 Kh8 19. Bd3 Bd7 20. exf5 d5 21. c4 dxc4 22. Bxc4 Bxf5 23. Rde1 Qc7 24. Ref1 Bg6 25. h5 1-0

[Event "CZE-chT1W 1617"]
[Site "Czech Republic"]
[Date "2017.03.05"]
[Round "9.2"]
[White "Bujupi, Fatmir"]
[Black "Matras, Ondrej"]
[Result "0-1"]
[WhiteElo "2190"]
[BlackElo "2241"]
[PlyCount "100"]
[EventDate "2016.10.16"]
[EventType "team-tourn"]
[EventRounds "11"]
[EventCountry "CZE"]
[SourceTitle "CBM 177 Extra"]
[Source "ChessBase"]
[SourceDate "2017.04.27"]
[SourceVersion "1"]
[SourceVersionDate "2017.04.27"]
[SourceQuality "1"]
[WhiteTeam "Praha Smichov"]
[BlackTeam "Praha Grop"]
[WhiteTeamCountry "CZE"]
[BlackTeamCountry "CZE"]

1. e4 e6 2. Qe2 c5 3. f4 Nc6 4. Nf3 d6 5. g3 Nf6 6. Bg2 Be7 7. b3 d5 8. d3 0-0 9. Bb2 b5 10. e5 Ne8 11. a4 bxa4 12. Rxa4 Qb6 13. Qf2 Bd7 14. Ra1 Nc7 15. Nc3 Nb4 16. Na4 Nxd3+ 17. cxd3 Qxb3 18. Ra3 Qb4+ 19. Qd2 Rab8 20. Bc1 Bxa4 21. Qxb4 Rxb4 22. Bd2 Rb1+ 23. Ke2 Rxh1 24. Bxh1 Bc6 25. Rxa7 Rc8 26. Ne1 Kf8 27. Nc2 Nb5 28. Ra6 Ke8 29. g4 Kd7 30. Bg2 Ra8 31. Rxa8 Bxa8 32. Ba5 Bc6 33. g5 Na7 34. h4 Ba4 35. Kd2 Nc6 36. Bc3 Bd8 37. h5 g6 38. h6 d4 39. Bb2 Ba5+ 40. Kc1 Bxc2 41. Bxc6+ Kxc6 42. Kxc2 Kb5 43. Ba1 Ka4 44. Bb2 Bb4 45. Bc1 Bc3 46. Kd1 Kb3 47. f5 exf5 48. Bf4 Bb4 49. Ke2 Kc2 50. Bg3 c4 0-1

[Event "CZE-chT1W 1516"]
[Site "Czech Republic"]
[Date "2016.04.10"]
[Round "11.6"]
[White "Bujupi, Fatmir"]
[Black "Boukal, Petr"]
[Result "1-0"]
[WhiteElo "2174"]
[BlackElo "2158"]
[PlyCount "99"]
[EventDate "2015.10.11"]
[EventType "team-tourn"]
[EventRounds "11"]
[EventCountry "CZE"]
[SourceTitle "EXT 2017"]
[Source "ChessBase"]
[SourceDate "2016.10.25"]
[SourceVersion "1"]
[SourceVersionDate "2016.10.25"]
[SourceQuality "1"]
[WhiteTeam "Vlasim"]
[BlackTeam "Praha Vysehrad"]
[WhiteTeamCountry "CZE"]
[BlackTeamCountry "CZE"]

1. e4 e6 2. Qe2 c5 3. f4 Nc6 4. Nf3 Nf6 5. c4 d6 6. g3 g6 7. Bg2 Bg7 8. 0-0 0-0 9. d3 Ne8 10. Be3 Nd4 11. Nxd4 cxd4 12. Bd2 f5 13. exf5 gxf5 14. a4 a5 15. Na3 Nc7 16. Qe1 Ne8 17. Nb5 Ra6 18. Rf2 Kh8 19. Re2 Qb6 20. Ra3 Nf6 21. h3 Ng8 22. Kh2 Ne7 23. Rb3 Qd8 24. Na3 Nc6 25. Rb5 Bf6 26. Bxc6 bxc6 27. Rxa5 Rxa5 28. Bxa5 Qd7 29. b4 Re8 30. Bb6 e5 31. Bxd4 Qg7 32. c5 e4 33. Bxf6 Qxf6 34. Nc4 d5 35. Nd6 Rf8 36. Qd2 Kg8 37. d4 h5 38. Qe3 Rd8 39. b5 cxb5 40. axb5 Rxd6 41. cxd6 Qxd6 42. Qc3 Bd7 43. Ra2 h4 44. Ra5 Qb8 45. b6 hxg3+ 46. Qxg3+ Kf8 47. Ra7 Qxb6 48. Rxd7 Qb2+ 49. Kh1 Qa1+ 50. Qg1 1-0

[Event "Basel Hilton op 01st"]
[Site "Basel"]
[Date "1999.01.03"]
[Round "4"]
[White "Czebe, Attila"]
[Black "Bujupi, Fatmir"]
[Result "1-0"]
[WhiteElo "2455"]
[BlackElo "2265"]
[PlyCount "84"]
[EventDate "1999.01.??"]
[EventType "swiss"]
[EventRounds "7"]
[EventCountry "SUI"]
[SourceTitle "EXT 2000"]
[Source "ChessBase"]
[SourceDate "1999.11.16"]
[SourceVersion "1"]
[SourceVersionDate "1999.11.16"]
[SourceQuality "1"]

1. e4 g6 2. d4 Bg7 3. Nc3 d6 4. f4 Nd7 5. Nf3 c5 6. Be3 Qa5 7. Qd2 Ngf6 8. e5 Ng4 9. Nd5 Qd8 10. exd6 exd6 11. f5 0-0 12. Bg5 f6 13. Bf4 g5 14. Bxd6 Re8+ 15. Be2 Nb6 16. dxc5 Nc4 17. Be7 Rxe7 18. Nxf6+ Bxf6 19. Qxd8+ Kg7 20. Qxe7+ Bxe7 21. Bxc4 Ne3 22. Bd3 Nxg2+ 23. Kf2 Nf4 24. Rhe1 Bxc5+ 25. Kf1 Nxd3 26. cxd3 Bxf5 27. d4 Bd6 28. Kg2 Kf6 29. a3 a5 30. Nd2 Bf4 31. Ne4+ Kg6 32. Ng3 Bd7 33. Re7 Bc6+ 34. Kg1 Rd8 35. Rae1 Bd5 36. Ne4 h5 37. Nc5 Bd6 38. Re8 Rxe8 39. Rxe8 Bf4 40. Nd3 Bd2 41. Re2 Bf4 42. Nxf4+ gxf4 1-0

[Event "Bern Ambassador op"]
[Site "Bern"]
[Date "1997.12.??"]
[Round "3"]
[White "Barbero, Gerardo F"]
[Black "Bujupi, Fatmir"]
[Result "1-0"]
[WhiteElo "2521"]
[BlackElo "2240"]
[PlyCount "89"]
[EventDate "1997.12.??"]
[EventType "swiss"]
[EventRounds "7"]
[EventCountry "SUI"]
[SourceTitle "EXT 1999"]
[Source "ChessBase"]
[SourceDate "1998.11.16"]
[SourceVersion "1"]
[SourceVersionDate "1998.11.16"]
[SourceQuality "1"]

1. d4 Nf6 2. c4 d6 3. Nc3 g6 4. e4 Bg7 5. h3 0-0 6. Bg5 h6 7. Be3 e5 8. d5 Kh7 9. g4 c6 10. Bd3 Bd7 11. Nge2 cxd5 12. cxd5 Na6 13. a3 Nc5 14. Bc2 Ng8 15. b4 Na6 16. Rc1 Bf6 17. Bd3 Bg5 18. Qd2 Bxe3 19. Qxe3 Qh4 20. Kd2 Ne7 21. f4 exf4 22. Qxf4 Qg5 23. Qxg5 hxg5 24. Bb5 Rfd8 25. Nd4 Nc7 26. Bxd7 Rxd7 27. Nf3 Kh6 28. h4 gxh4 29. Rxh4+ Kg7 30. Rch1 Ng8 31. Rh7+ Kf8 32. g5 Ne8 33. Nh4 Ne7 34. Rf1 Nc8 35. Nxg6+ Kg8 36. Rh8+ Kg7 37. Rxe8 Kxg6 38. Rf6+ Kxg5 39. e5 Nb6 40. Ne4+ Kg4 41. Rxa8 Nxa8 42. e6 fxe6 43. Rf8 Re7 44. Rxa8 Kf4 45. Nc3 1-0

[Event "Bern Ambassador op"]
[Site "Bern"]
[Date "1997.12.??"]
[Round "6"]
[White "Bujupi, Fatmir"]
[Black "Jost, Sascha"]
[Result "1-0"]
[WhiteElo "2240"]
[BlackElo "1876"]
[PlyCount "53"]
[EventDate "1997.12.??"]
[EventType "swiss"]
[EventRounds "7"]
[EventCountry "SUI"]
[SourceTitle "EXT 1999"]
[Source "ChessBase"]
[SourceDate "1998.11.16"]
[SourceVersion "1"]
[SourceVersionDate "1998.11.16"]
[SourceQuality "1"]

1. e4 c5 2. Nc3 Nc6 3. f4 d6 4. Nf3 g6 5. Bc4 Bg7 6. 0-0 Na5 7. Bb5+ Bd7 8. Qe2 Nc6 9. a4 Nd4 10. Nxd4 Bxd4+ 11. Kh1 Bxb5 12. axb5 Bg7 13. d3 f5 14. exf5 Nf6 15. fxg6 hxg6 16. Ne4 Qd7 17. c3 Kd8 18. Ng5 Kc8 19. Ne6 Nh5 20. Kg1 Bf6 21. d4 Ng7 22. Nxg7 Bxg7 23. dxc5 dxc5 24. Rd1 Qe8 25. Qe6+ Kb8 26. f5 gxf5 27. Bf4+ 1-0

[Event "Bern Ambassador op"]
[Site "Bern"]
[Date "1997.12.??"]
[Round "2"]
[White "Bujupi, Fatmir"]
[Black "Richard, Jean Paul"]
[Result "1-0"]
[WhiteElo "2240"]
[BlackElo "1770"]
[PlyCount "43"]
[EventDate "1997.12.??"]
[EventType "swiss"]
[EventRounds "7"]
[EventCountry "SUI"]
[SourceTitle "EXT 1999"]
[Source "ChessBase"]
[SourceDate "1998.11.16"]
[SourceVersion "1"]
[SourceVersionDate "1998.11.16"]
[SourceQuality "1"]

1. e4 c5 2. Nc3 Nc6 3. f4 d6 4. Nf3 g6 5. Bc4 Bg7 6. 0-0 e6 7. d3 Nge7 8. Qe1 0-0 9. a3 a6 10. Ba2 Qc7 11. f5 exf5 12. Qh4 Ne5 13. Nxe5 dxe5 14. Bg5 Nc6 15. Nd5 Qd6 16. exf5 Bxf5 17. Kh1 Be6 18. Nf6+ Bxf6 19. Bxf6 Rfe8 20. Bxe6 Rxe6 21. Rf3 Nd4 22. Qxh7+ 1-0

[Event "Bern op"]
[Site "Bern"]
[Date "1996.??.??"]
[Round "8"]
[White "Bujupi, Fatmir"]
[Black "Haas, Carmi"]
[Result "1-0"]
[WhiteElo "2240"]
[BlackElo "2235"]
[PlyCount "81"]
[EventDate "1996.02.??"]
[EventType "swiss"]
[EventRounds "9"]
[EventCountry "SUI"]
[SourceTitle "CBM 051 Extra"]
[Source "ChessBase"]
[SourceDate "1996.05.01"]
[SourceVersion "1"]
[SourceVersionDate "1996.05.01"]
[SourceQuality "1"]

1. e4 e5 2. Nf3 Nc6 3. Bc4 Bc5 4. 0-0 Nf6 5. Qe2 d6 6. h3 0-0 7. d3 Be6 8. Bb3 Ne7 9. c3 Bb6 10. Nbd2 Nh5 11. d4 Ng6 12. Nc4 Nhf4 13. Bxf4 Nxf4 14. Qd2 Bxc4 15. Bxc4 Qf6 16. g3 Nxh3+ 17. Kg2 h6 18. Rh1 Ng5 19. Nxg5 hxg5 20. Rh5 g6 21. Qxg5 Qxg5 22. Rxg5 Kg7 23. dxe5 dxe5 24. Rxe5 Rae8 25. Rd5 c6 26. Rdd1 Rd8 27. Kf3 Rxd1 28. Rxd1 Rd8 29. Bd3 Rh8 30. Kg2 Kf6 31. f4 Ke7 32. Rd2 Rd8 33. Kf3 Rh8 34. e5 Rh1 35. Bc4 Bc7 36. Bxf7 g5 37. Bg6 gxf4 38. gxf4 Ke6 39. Re2 Ke7 40. Bf5 Rf1+ 41. Ke4 1-0

[Event "Vienna op-B"]
[Site "Vienna"]
[Date "1996.??.??"]
[Round "6"]
[White "Bujupi, Fatmir"]
[Black "Vucic, Mladen"]
[Result "0-1"]
[WhiteElo "2245"]
[BlackElo "2390"]
[PlyCount "68"]
[EventDate "1996.08.??"]
[EventType "swiss"]
[EventRounds "9"]
[EventCountry "AUT"]
[SourceTitle "EXT 2000"]
[Source "ChessBase"]
[SourceDate "1999.11.16"]
[SourceVersion "1"]
[SourceVersionDate "1999.11.16"]
[SourceQuality "1"]

1. e4 c5 2. Nc3 Nc6 3. f4 g6 4. Nf3 Bg7 5. Bc4 e6 6. 0-0 Nge7 7. d3 0-0 8. a3 d6 9. Qe1 Nd4 10. Nxd4 cxd4 11. Nd1 d5 12. Ba2 dxe4 13. dxe4 Bd7 14. Bd2 Ba4 15. c3 Bxd1 16. Rxd1 Qb6 17. cxd4 Qxb2 18. Bb1 Qxd4+ 19. Be3 Qa4 20. Bc5 Rfe8 21. Qh4 Nc6 22. e5 Nxe5 23. Kh1 Nc6 24. h3 Rad8 25. Rde1 b6 26. Bg1 Ne7 27. g4 Rd2 28. Qg3 Qc6+ 29. Be4 Qd6 30. a4 Rc8 31. Rc1 Rxc1 32. Rxc1 Bd4 33. Bh2 Bc5 34. Qf3 Rxh2+ 0-1

[Event "Vienna op-B"]
[Site "Vienna"]
[Date "1996.??.??"]
[Round "3"]
[White "Rigo, Janos"]
[Black "Bujupi, Fatmir"]
[Result "0-1"]
[WhiteElo "2315"]
[BlackElo "2245"]
[PlyCount "34"]
[EventDate "1996.08.??"]
[EventType "swiss"]
[EventRounds "9"]
[EventCountry "AUT"]
[SourceTitle "EXT 2000"]
[Source "ChessBase"]
[SourceDate "1999.11.16"]
[SourceVersion "1"]
[SourceVersionDate "1999.11.16"]
[SourceQuality "1"]

1. e4 g6 2. d4 Bg7 3. c3 d6 4. Nf3 Nf6 5. Bd3 0-0 6. 0-0 Nc6 7. Bg5 h6 8. Bh4 e5 9. dxe5 dxe5 10. h3 g5 11. Bg3 Nh5 12. Bh2 Nf4 13. Bb5 Qf6 14. Nbd2 Ne7 15. Re1 Neg6 16. Nf1 Rd8 17. Qc2 Nxg2 0-1

[Event "Bern op"]
[Site "Bern"]
[Date "1996.??.??"]
[Round "9"]
[White "Weindl, Alfred"]
[Black "Bujupi, Fatmir"]
[Result "1-0"]
[WhiteElo "2335"]
[BlackElo "2240"]
[PlyCount "73"]
[EventDate "1996.02.??"]
[EventType "swiss"]
[EventRounds "9"]
[EventCountry "SUI"]
[SourceTitle "CBM 051 Extra"]
[Source "ChessBase"]
[SourceDate "1996.05.01"]
[SourceVersion "1"]
[SourceVersionDate "1996.05.01"]
[SourceQuality "1"]

1. g3 e5 2. Bg2 Nc6 3. c4 f5 4. Nc3 Nf6 5. d3 Bc5 6. e3 f4 7. exf4 d6 8. Nge2 0-0 9. 0-0 Qe8 10. Nd5 Qh5 11. Nxf6+ Rxf6 12. fxe5 dxe5 13. d4 Nxd4 14. Nxd4 Qxd1 15. Rxd1 Bxd4 16. Be3 Bxe3 17. Rd8+ Kf7 18. fxe3 Ke7 19. Rad1 Bg4 20. Rxa8 Bxd1 21. Rxa7 Bf3 22. Bxf3 Rxf3 23. Rxb7 Kd6 24. Rb3 g5 25. a3 c6 26. Rc3 e4 27. b4 Rf8 28. a4 Rb8 29. Rb3 g4 30. a5 Ra8 31. Ra3 Rb8 32. a6 Kc7 33. a7 Ra8 34. Kf2 Kb6 35. Ke2 c5 36. bxc5+ Kxc5 37. Ra4 1-0

[Event "YUG-Cup 34th"]
[Site "Pula"]
[Date "1991.05.15"]
[Round "2"]
[White "Bujupi, Fatmir"]
[Black "Kocovski, Ivan"]
[Result "0-1"]
[WhiteElo "2240"]
[BlackElo "2325"]
[PlyCount "62"]
[EventDate "1991.??.??"]
[EventType "team"]
[EventRounds "5"]
[EventCountry "YUG"]
[SourceTitle "TD"]
[Source "ChessBase"]
[SourceDate "1994.03.01"]
[SourceVersion "1"]
[SourceVersionDate "1994.03.01"]
[SourceQuality "1"]
[WhiteTeam "Pristina"]
[BlackTeam "Alkaloid"]
[WhiteTeamCountry "YUG"]
[BlackTeamCountry "YUG"]

1. e4 c5 2. Nc3 Nc6 3. f4 e6 4. Nf3 d6 5. Bc4 a6 6. 0-0 b5 7. Be2 Nf6 8. d3 Be7 9. a4 b4 10. Nb1 0-0 11. Kh1 d5 12. e5 Nd7 13. c4 bxc3 14. bxc3 f5 15. Na3 Rb8 16. d4 c4 17. Nxc4 dxc4 18. d5 Na5 19. d6 Bh4 20. g3 Bb7 21. gxh4 Qxh4 22. Kg1 Qg4+ 23. Kh1 Nc5 24. Rg1 Qh5 25. Rg5 Qh6 26. Qe1 Nab3 27. Ra2 Nd3 28. Bxd3 Bxf3+ 29. Kg1 cxd3 30. Be3 Na5 31. Rd2 Be4 0-1

[Event "YUG-Cup 33rd"]
[Site "Pula"]
[Date "1990.05.16"]
[Round "1"]
[White "Vujosevic, Vladimir"]
[Black "Bujupi, Fatmir"]
[Result "1/2-1/2"]
[WhiteElo "2340"]
[BlackElo "2240"]
[PlyCount "124"]
[EventDate "1990.05.16"]
[EventType "team"]
[EventRounds "5"]
[EventCountry "YUG"]
[SourceTitle "TD"]
[Source "ChessBase"]
[SourceDate "1994.03.01"]
[SourceVersion "1"]
[SourceVersionDate "1994.03.01"]
[SourceQuality "1"]
[WhiteTeam "Titograd"]
[BlackTeam "Pristina"]
[WhiteTeamCountry "YUG"]
[BlackTeamCountry "YUG"]

1. e4 g6 2. d4 Bg7 3. Nc3 d6 4. Be3 Nf6 5. Qd2 c6 6. f3 Nbd7 7. Bh6 Bxh6 8. Qxh6 Qa5 9. 0-0-0 b5 10. Kb1 b4 11. Nce2 Ba6 12. Nh3 c5 13. dxc5 Qxc5 14. Nd4 Bxf1 15. Rhxf1 Rc8 16. Rd2 a5 17. Rfd1 a4 18. Ne2 Ne5 19. b3 a3 20. c3 Nc6 21. c4 Qe5 22. Nhf4 Nd7 23. Nd4 Nxd4 24. Rxd4 Nc5 25. Nd5 Ne6 26. R4d2 Rb8 27. h4 Rb7 28. Qe3 Nc5 29. Qf4 Qxf4 30. Nxf4 0-0 31. Rd5 f6 32. Nd3 Nxd3 33. R1xd3 Rc8 34. Kc2 Kf7 35. Ra5 Ke6 36. Rdd5 Kd7 37. Kd3 e6 38. Rdb5 Rcc7 39. Rxb7 Rxb7 40. Ra8 e5 41. c5 Rc7 42. Kc4 Rxc5+ 43. Kxb4 Rc2 44. Rxa3 Rxg2 45. Kb5 Rf2 46. b4 h5 47. Kb6 g5 48. hxg5 fxg5 49. b5 h4 50. Ra7+ Ke6 51. a4 Rxf3 52. a5 h3 53. Rh7 g4 54. a6 g3 55. a7 g2 56. a8Q g1Q+ 57. Kb7 Rf7+ 58. Rxf7 Kxf7 59. Qh8 h2 60. Qh7+ Kf6 61. Qh6+ Kf7 62. Qh7+ Kf6 1/2-1/2

[Event "YUG-Cup 30th"]
[Site "Pula"]
[Date "1987.05.21"]
[Round "4.4"]
[White "Bujupi, Fatmir"]
[Black "Trifunovic, Miroljub"]
[Result "0-1"]
[WhiteElo "2255"]
[BlackElo "2215"]
[PlyCount "164"]
[EventDate "1987.05.18"]
[EventType "team-swiss"]
[EventRounds "5"]
[EventCountry "YUG"]
[SourceTitle "EXT 2018"]
[Source "ChessBase"]
[SourceDate "2017.10.13"]
[SourceVersion "1"]
[SourceVersionDate "2017.10.13"]
[SourceQuality "1"]
[WhiteTeam "Pristina"]
[BlackTeam "Kragujevac Radnicki"]
[WhiteTeamCountry "YUG"]
[BlackTeamCountry "YUG"]

1. d4 d5 2. c4 e6 3. Nc3 c5 4. cxd5 exd5 5. Nf3 Nc6 6. Bf4 Nf6 7. e3 c4 8. Ne5 Bb4 9. a3 Bxc3+ 10. bxc3 Qa5 11. Qc2 Bf5 12. Qb2 0-0 13. Be2 Ne4 14. Rc1 Qb6 15. Qxb6 axb6 16. f3 Nf6 17. e4 dxe4 18. Nxc4 Nd5 19. Bd2 Rfe8 20. Kf2 Na5 21. fxe4 Nxc4 22. Bxc4 Bxe4 23. Rhe1 Nf6 24. Ra1 h6 25. Kg1 Ra5 26. a4 Raa8 27. Rf1 Bd5 28. Bxd5 Nxd5 29. c4 Ne3 30. Rfc1 Nf5 31. d5 Nd4 32. Re1 Rec8 33. Re4 Nb3 34. Rd1 Nc5 35. Rg4 Kf8 36. Bf4 Rxa4 37. Bd6+ Kg8 38. Be7 Nd7 39. Rdd4 g5 40. Rge4 f5 41. Re6 Kf7 42. Bd6 Re8 43. Rxe8 Kxe8 44. g4 fxg4 45. Re4+ Kd8 46. Re6 Nc5 47. Rxh6 Rxc4 48. Rh7 Ne4 49. Be5 Rc1+ 50. Kg2 Rc2+ 51. Kg1 Nd2 52. Bg3 Ne4 53. Rxb7 Nxg3 54. hxg3 Rb2 55. Rg7 b5 56. Rxg5 Kc7 57. Rxg4 Kd6 58. Rd4 Ra2 59. Rb4 Kc5 60. Rb1 Rd2 61. d6 b4 62. d7 Rxd7 63. Kf2 Rd3 64. Rc1+ Kd4 65. Rc8 b3 66. Ke2 Rxg3 67. Kd2 Rd3+ 68. Ke2 Rc3 69. Rb8 Rc2+ 70. Kd1 Kc3 71. Ra8 Kb2 72. Rb8 Ka2 73. Ra8+ Kb1 74. Rb8 b2 75. Rb7 Rc5 76. Ra7 Rd5+ 77. Ke2 Kc2 78. Rc7+ Kb3 79. Rb7+ Kc3 80. Ke3 Rd3+ 81. Ke2 Rd4 82. Ke3 Rb4 0-1

[Event "YUG-ch sf"]
[Site "Bela Crkva"]
[Date "1986.02.01"]
[Round "13"]
[White "Bujupi, Fatmir"]
[Black "Jacimovic, Dragoljub"]
[Result "1-0"]
[WhiteElo "2245"]
[BlackElo "2420"]
[PlyCount "99"]
[EventDate "1986.01.18"]
[EventType "tourn"]
[EventRounds "5"]
[EventCountry "YUG"]
[EventCategory "6"]
[SourceTitle "EXT 2013"]
[Source "ChessBase"]
[SourceDate "2012.11.22"]
[SourceVersion "1"]
[SourceVersionDate "2012.11.22"]
[SourceQuality "1"]

1. e4 c5 2. Nf3 Nc6 3. Bb5 g6 4. 0-0 Bg7 5. c3 e5 6. d3 d6 7. a4 Nge7 8. Bg5 0-0 9. Na3 h6 10. Be3 f5 11. Bc4+ Kh7 12. Ne1 b6 13. f3 d5 14. Ba2 Rb8 15. Nec2 Rb7 16. Qe2 Rd7 17. Rfd1 Bb7 18. Bf2 Qa8 19. Ne3 Nd8 20. a5 dxe4 21. dxe4 Rxd1+ 22. Rxd1 fxe4 23. fxe4 Bxe4 24. Rd7 Nec6 25. axb6 axb6 26. Nec4 Nb8 27. Rd6 Nf7 28. Nxb6 Qb7 29. Nbc4 Bxg2 30. Rb6 Qd5 31. Ne3 Qxa2 32. Kxg2 Ng5 33. Nec4 Nd7 34. Rb7 Rf7 35. Qd1 Nf6 36. Rxf7 Nxf7 37. Bxc5 Ne4 38. Bb4 Nf6 39. Be7 h5 40. Qf1 Qb3 41. Bxf6 Qb7+ 42. Kg3 Bh6 43. Bxe5 Ng5 44. Nd6 Qd5 45. Nac4 h4+ 46. Kg4 h3 47. Kg3 Kg8 48. Bf4 Bf8 49. Nb6 Qa5 50. Qb5 1-0

[Event "YUG-ch sf"]
[Site "Bela Crkva"]
[Date "1986.01.30"]
[Round "12"]
[White "Vukovic, Zdravko"]
[Black "Bujupi, Fatmir"]
[Result "1/2-1/2"]
[WhiteElo "2375"]
[BlackElo "2245"]
[PlyCount "51"]
[EventDate "1986.01.18"]
[EventType "tourn"]
[EventRounds "5"]
[EventCountry "YUG"]
[EventCategory "6"]
[SourceTitle "EXT 2013"]
[Source "ChessBase"]
[SourceDate "2012.11.22"]
[SourceVersion "1"]
[SourceVersionDate "2012.11.22"]
[SourceQuality "1"]

1. e4 Nc6 2. Nf3 e5 3. Nc3 Nf6 4. Be2 Bb4 5. d3 h6 6. 0-0 0-0 7. Nd5 Nxd5 8. exd5 Ne7 9. Nxe5 Nxd5 10. d4 Nf6 11. c3 Be7 12. Re1 d6 13. Nf3 c6 14. Bf4 Nd5 15. Bg3 Bf5 16. h3 Qd7 17. Bd3 Rfe8 18. Qc2 Bxd3 19. Qxd3 Bf8 20. Rxe8 Rxe8 21. Re1 Rxe1+ 22. Nxe1 Qe6 23. Nc2 Nf6 24. b3 Qe4 25. Qd2 Qg6 26. Bh2 1/2-1/2

[Event "YUG-ch sf"]
[Site "Bela Crkva"]
[Date "1986.01.28"]
[Round "10"]
[White "Matulovic, Milan"]
[Black "Bujupi, Fatmir"]
[Result "1-0"]
[WhiteElo "2485"]
[BlackElo "2245"]
[PlyCount "131"]
[EventDate "1986.01.18"]
[EventType "tourn"]
[EventRounds "5"]
[EventCountry "YUG"]
[EventCategory "6"]
[SourceTitle "EXT 2013"]
[Source "ChessBase"]
[SourceDate "2012.11.22"]
[SourceVersion "1"]
[SourceVersionDate "2012.11.22"]
[SourceQuality "1"]

1. e4 d6 2. d4 Nf6 3. Nc3 g6 4. Nf3 Bg7 5. Be2 0-0 6. 0-0 Nbd7 7. e5 Ne8 8. Bf4 Nb6 9. a4 c6 10. a5 Nd5 11. Nxd5 cxd5 12. h3 dxe5 13. dxe5 Nc7 14. c3 Bd7 15. Qb3 Ne6 16. Bg3 Bc6 17. a6 Nc5 18. Qb4 b6 19. Rfd1 Qc8 20. Nd4 Ne4 21. Qxe7 Nxg3 22. fxg3 Re8 23. Qb4 Rxe5 24. Bf3 Bd7 25. c4 Bxh3 26. Bxd5 Bg4 27. Rf1 Rxd5 28. cxd5 Qd7 29. Nc6 Bf8 30. Qd2 Bc5+ 31. Kh2 Bf5 32. b4 Bd6 33. Rae1 Rc8 34. Qe3 h5 35. Kh1 Bf8 36. Rd1 Kh7 37. Rfe1 Bd6 38. Kg1 Qc7 39. Kf2 Qd7 40. Kg1 Rf8 41. Rc1 Rg8 42. Ne5 Qe7 43. Nc6 Qd7 44. Qd4 Re8 45. Re3 Bf8 46. Rce1 Rxe3 47. Rxe3 Bg7 48. Qc4 Bf6 49. b5 Bg5 50. Re1 Qd6 51. Ne5 Kg7 52. Kf2 Bf6 53. Nf3 Bd7 54. Re3 Bf5 55. Nd4 Bd7 56. Nc6 Bg5 57. Rf3 Bg4 58. Qd4+ Kg8 59. Rb3 Bf6 60. Qc4 Qd7 61. Re3 Bg5 62. Re1 Qf5+ 63. Kg1 Qf6 64. Qd4 Qxd4+ 65. Nxd4 Kf8 66. Nc6 1-0